02052nam a22001457a 4500008004100000020001500041050001600056100001900072245006000091260005100151300003000202505163000232700002101862700002301883140718b xxu||||| |||| 00| 0 eng d a0911910360 aRA777.5.M47 aBeers, Mark H. aThe merck manual of health and aging. /cMark H. Beers. aNew Jersey:bMerck Research Laboratory,c2004. axxix,960p.:bill.;c24cm. aContents: Fundamentals of aging: Age-old questions --- How the body ages -- The aging of America -- Caring for self and others -- Preventive medical care -- Maintaining good nutrition -- Drugs and aging -- Complementary or alternative medicine -- Communicating with health care practitioners -- Continuity of care -- Understanding medical tests -- Hospital care -- Undergoing surgery -- Rehabilitation -- Long-term care -- Caregiving -- Palliative and end-of-life care -- Medical conditions: Nutritional disorders -- Water and electrolyte balance -- Hypothermia and hypothermia -- Dizziness and fainting -- Falls -- Osteoporosis -- Fractures -- Pain -- Confusion -- Delirium -- Dementia -- Stroke -- Nerve disorders -- Movement disorders -- Sleep -- Mental health disorders -- Thyroid disorders -- Diabetes mellitus -- Skin disorders -- Eye disorders -- Hearing and the ear -- Nose and throat disorders -- Mouth and dental disorders -- Foot disorders -- Arthritis -- Temporal arthritis and polymyalgia rhematica -- High blood pressure -- Blood vessel disorders -- Coronary artery disease -- Heart failure -- Abonominal heart rytms -- Heart valve disorders -- Blood disorders -- Finding and living with cancer -- Cancers -- Pheumonia and influenza -- Chronic obstructive pulmonary disease -- Swallowing and reflux disorders -- Bowel movement disorders -- Urinary incontinence -- Female genital and sexual disorders -- Male genital and sexual disorders -- Exercise -- Social, legal and ethical issues: Coping with change -- Driving -- Intimacy -- Mistreatment -- Understanding legal and ethical issues -- Paying for health care aJones, Thomas V. aBerkwits, Michael.